000 00282nam a22001337a 4500
008 170210b xxu||||| |||| 00| 0 eng d
020 _a0889372381
041 _aeng
080 _23ED
_a61
100 _a4
101 _aSHM
245 _aBEHAVIOR MEDICINE
_cWEDDING
942 _2udc
_cBK
999 _c5184
_d5184